000 00283nam a22001337a 4500
008 180905b xxu||||| |||| 00| 0 eng d
020 _a0838590101
041 _aeng
080 _23 ED
_a159.9
100 _a48
101 _aPSI
245 _aTrauma
_cFelicano.m
942 _2udc
_cBK
999 _c47544
_d47544